Sudden Death-Canadian Prime Ministers - Statistics

General Stats
  • This quiz has been taken 118 times
  • The average score is 11 of 15
Answers on the Grid
Answers color-coded by a green-red scale on the quiz's grid according to % correct below.
John Napier Turner
Tom Mulcair
Kim Campbell
Rishi Sunak
Elizabeth May
Justin Trudeau
Alexander Mackenzie
Yves François Blanchet
Boris Johnson
Joyce Murray
Martin Brian Mulroney
Wilfrid Laurier
John Alexander Macdonald
Jagmeet Singh
Michael Ignatieff
Charles Tupper
Pierre Elliot Trudeau
Emmanuel Macron
Charles Clark
Stéphane Dion
Audrey McLaughlin
Robert Borden
Lester Pearson
Winston Churchill
Keir Starmer
Jean Chrétien
Frank De Jong
John Abott
Stephen Harper
Elizabeth Truss
 
Answer Stats
Answer % Correct
Justin Trudeau
91%
Pierre Elliot Trudeau
89%
John Alexander Macdonald
84%
Wilfrid Laurier
79%
Alexander Mackenzie
78%
Stephen Harper
78%
Lester Pearson
76%
Kim Campbell
74%
Jean Chrétien
71%
John Napier Turner
66%
Martin Brian Mulroney
66%
John Abott
61%
Robert Borden
61%
Charles Tupper
59%
Charles Clark
40%
No matching quizzes found
Score Distribution
Percent of People with Each Score
Percentile by Number Answered
Your Score History
You have not taken this quiz